ბათუმის შოთა რუსთაველის სახელმწიფო უნივერსიტეტის ბიბლიოთეკა

Дифференцируемые ростки и катастрофы (ბიბ.ჩანაწერი № 38671)

000 -LEADER
fixed length control field 00653nam a2200205Ia 4500
001 - CONTROL NUMBER
control field 4909
003 - CONTROL NUMBER IDENTIFIER
control field GE_BSU
008 - FIXED-LENGTH DATA ELEMENTS--GENERAL INFORMATION
fixed length control field 181216s||||||||xx |||||||||||||| ||und||
040 ## - CATALOGING SOURCE
Transcribing agency GE_BSU
080 ## - UNIVERSAL DECIMAL CLASSIFICATION NUMBER
Universal Decimal Classification number 517
100 ## - MAIN ENTRY--PERSONAL NAME
Personal name Брёкер, Т;Ландер, Л.;
245 ## - TITLE STATEMENT
Title Дифференцируемые ростки и катастрофы
245 ## - TITLE STATEMENT
Statement of responsibility, etc. Под ред. В.И. Арнольда. Пер. с Англииского А.Г.Кушниренко
260 ## - PUBLICATION, DISTRIBUTION, ETC.
Place of publication, distribution, etc. Москва
260 ## - PUBLICATION, DISTRIBUTION, ETC.
Name of publisher, distributor, etc. Мир
260 ## - PUBLICATION, DISTRIBUTION, ETC.
Date of publication, distribution, etc. 1977
300 ## - PHYSICAL DESCRIPTION
Extent 207 с. 20 см
653 ## - INDEX TERM--UNCONTROLLED
Uncontrolled term Дифференцируемые ростки и катастрофы
942 ## - ADDED ENTRY ELEMENTS (KOHA)
Koha item type წიგნი
ეგზემპლარები
Withdrawn status Lost status Damaged status Not for loan Date acquired Barcode Date last seen Price effective from Koha item type
        2018-12-17 16173 2018-12-17 2018-12-17 წიგნი